| 000 | 00717cam a22002413a 4500 | ||
|---|---|---|---|
| 001 | 17245 | ||
| 003 | PGUSA | ||
| 005 | 20140828083352.0 | ||
| 008 | 051206s2005||||xxu|||||s|||||000 | eng d | ||
| 040 |
_aPGUSA _beng |
||
| 042 | _adc | ||
| 050 | 4 | _aAP | |
| 245 | 1 | 0 |
_aChambers's Edinburgh Journal, No. 428 : _bVolume 17, New Series, March 13, 1852 _h[electronic resource] / _cVarious |
| 260 |
_bProject Gutenberg, _c2005 |
||
| 506 | _aPublic domain in the USA. | ||
| 516 | _aElectronic text | ||
| 653 | _aPeriodicals | ||
| 700 | 1 |
_aChambers, Robert, _d1802-1871 |
|
| 700 | 1 |
_aChambers, William, _d1800-1883 |
|
| 830 | 0 |
_aProject Gutenberg _v17245 |
|
| 856 | 4 | 0 | _uhttp://www.gutenberg.org/ebooks/17245 |
| 942 | _cEB | ||
| 999 |
_c246500 _d246500 |
||